00409nam a2200157Ia 4500003000400000005001700004008004100021020002900062040001700091082002100108100001700129245004700146260002800193300001600221650001400237IIN20250507122013.0231217s9999 xx 000 0 und d cRs.495.00a9789354656934 aIINbEnglish a610.73 bSRE1 a Sreevani, R1 aApplied Sociology for Nurses/cR. Sreevani aNew DelhibJaypeec2022 axiii, 209p. aSociology